[Event "BL9596 (Women)"]
[Site "Germany"]
[Date "1995.??.??"]
[Round "?"]
[White "Gempe, Anet"]
[Black "Wagner Michel, Annett"]
[Result "1-0"]
[WhiteElo "2105"]
[BlackElo "2170"]

1.e4 c5 2.Nf3 Nc6 3.d4 cxd4 4.Nxd4 Nf6 5.Nc3 d6 6.Bg5 e6 7.Qd2 a6 8.f4 Bd7
9.O-O-O b5 10.Bxf6 gxf6 11.Nxc6 Bxc6 12.Qe1 Be7 13.Bd3 Qb6 14.Qg3 O-O-O 15.Kb1 Rhg8
16.Qh3 f5 17.Rhe1 fxe4 18.Bxe4 Kb8 19.Qd3 Bxe4 20.Qxe4 Bf6 21.Qf3 d5 22.g3 Rc8
23.Ne2 Rc4 24.f5 Re4 25.Nc3 Bxc3 26.Qxc3 Rc8 27.Qd2 Rec4 28.c3 R8c7 29.fxe6 fxe6
30.Qh6 R4c6 31.Qf4 Kb7 32.Re2 b4 33.cxb4 Rc4 34.Qe5 Qc6 35.a3 Re4 36.Qh5 Qc4
37.Rxe4 Qxe4+ 38.Ka1 d4 39.b5 a5 40.Qe8 d3 41.Qd8 a4 42.Qxd3 Qxd3 43.Rxd3 e5
44.b3 axb3 45.Rxb3 Kb6 46.Re3 Kxb5 47.Rxe5+ Kc4 48.Kb2 Rf7 49.Re4+ Kd3 50.Rf4 Rg7
51.Rb4 Rc7 52.Kb3 Rc3+ 53.Ka4 Rc7 54.Kb5 Kc3 55.Rh4 Rg7 56.Rh5 Rb7+ 57.Ka6 Rf7
58.a4 Rf6+ 59.Kb5 Rf7 60.a5 Rb7+ 61.Kc6 Rg7 62.a6 Kb4 63.Rd5 Rg6+ 64.Rd6 Rg7
65.Kb6  1-0

[Event "BL9596 (Women)"]
[Site "Germany"]
[Date "1995.??.??"]
[Round "?"]
[White "Koglin, Anke"]
[Black "Espig, Gesine"]
[Result "0-1"]
[WhiteElo "2235"]
[BlackElo "2145"]

1.e4 c5 2.Nf3 Nc6 3.d4 cxd4 4.Nxd4 Nf6 5.Nc3 d6 6.Bg5 e6 7.Qd2 Be7 8.O-O-O a6
9.f4 Qc7 10.Be2 Bd7 11.Bxf6 gxf6 12.Bh5 Rc8 13.f5 Nxd4 14.Qxd4 O-O 15.Qd2 Kh8
16.Rhf1 b5 17.Kb1 Be8 18.Rf3 Rg8 19.Rc1 b4 20.Nd1 Qc4 21.Qe3 Rxg2 22.Rf2 Rg5
23.Be2 Qc5 24.Bxa6 Ra8 25.Qxc5 dxc5 26.Bc4 Bc6 27.fxe6 fxe6 28.Bxe6 Bxe4
29.Ne3 Rd8 30.Bf5 Bxf5 31.Nxf5 Bf8 32.Rcf1 Rg6 33.b3 Bd6 34.Rd2 Bc7 35.Rdf2 Be5
36.h4 Rg4 37.Kc1 h5 38.Rd1 Rxd1+ 39.Kxd1 Bc3 40.Rf1 Re4 41.Rg1 Rf4 42.Ne7 Kh7
43.Rh1 Re4 44.Nf5 Kg6 45.Ng3 Rg4 46.Ne2 Be5 47.Rh3 f5 48.c3 f4 49.Rd3 Kf5
50.Rd5 f3 51.Nc1 bxc3 52.Nd3 Ke4 53.Rxe5+ Kxd3 54.Rd5+ Rd4 55.Rxc5 Rxh4 56.Ke1 Rh1+
57.Kf2 c2  0-1

[Event "NRW-Liga II 9495"]
[Site "Germany"]
[Date "1995.??.??"]
[Round "?"]
[White "Walter, Karel"]
[Black "Altgelt, Alexander"]
[Result "0-1"]
[WhiteElo "2120"]
[BlackElo "2220"]

1.e4 c5 2.Nf3 d6 3.d4 cxd4 4.Nxd4 Nf6 5.Nc3 Nc6 6.Bg5 e6 7.Qd2 a6 8.O-O-O Bd7
9.f4 Qc7 10.Be2 Be7 11.Nb3 b5 12.e5 dxe5 13.fxe5 Nxe5 14.Bf4 b4 15.Qd4 bxc3
16.Bxe5 cxb2+ 17.Kb1 Qa7 18.Qf4 Bb5 19.Bf3 Rc8 20.g4 O-O 21.g5 Nd5 22.Bxd5 exd5
23.Rhe1 Rfe8 24.h4 Ba3 25.h5 Rc4 26.Qf3 Re4 27.Rxe4 dxe4 28.Qc3 Bf8 29.h6 f6
30.Bd4 Qd7 31.hxg7 Be7 32.gxf6 Bxf6 33.Rg1 Rc8 34.Qe3 Qc6 35.Bxb2  0-1

[Event "Oberliga Ost A9495"]
[Site "Germany"]
[Date "1995.??.??"]
[Round "?"]
[White "Jaenig, Reinhard"]
[Black "Klee, Mario"]
[Result "0-1"]
[WhiteElo "2240"]
[BlackElo "2095"]

1.e4 c5 2.Nf3 Nc6 3.d4 cxd4 4.Nxd4 Nf6 5.Nc3 d6 6.Bg5 Bd7 7.Qd2 Rc8 8.O-O-O Nxd4
9.Qxd4 Qa5 10.f4 h6 11.Bh4 g5 12.fxg5 hxg5 13.Bf2 Bg7 14.Qxa7 Qxa7 15.Bxa7 Ng4
16.Nd5 Rxh2 17.Rxh2 Nxh2 18.Nb6 Rd8 19.Nxd7 Nxf1 20.Nb6 Ng3 21.b4 Ne2+ 22.Kd2 Nc3
23.Rh1 Nb5 24.a4 Nxa7 25.c3 Nc6 26.a5 Ne5 27.b5 Nd7 28.Nd5 Nc5 29.Kc2 e6
30.Nc7+ Kd7 31.b6 Kc6 32.Rh7 Rg8 33.e5 dxe5 34.Kb2 e4 35.Kc2 e3 36.Rh3 Be5
37.Rxe3 Bxc7 38.bxc7 Kxc7 39.c4 g4 40.Kc3 f5 41.Kb4 Ne4 42.Kb5 Rd8 43.Ra3 Rd2
44.Rb3 Rxg2 45.c5 Rc2 46.c6 Nd6+ 47.Kb4 Rc4+ 48.Ka3 Rxc6 49.Rg3 Ne4 50.Rg1 g3
51.Kb4 f4 52.a6 bxa6 53.Ka5 f3 54.Re1 g2 55.Rxe4 g1=Q 56.Rxe6 Qa1+ 57.Kb4 Qb2+
58.Ka4 Rc4+ 59.Ka5 Qb5+  0-1

[Event "NRW-Liga I 9495"]
[Site "Germany"]
[Date "1995.??.??"]
[Round "?"]
[White "Koehn, Peter"]
[Black "Brenke, Andreas"]
[Result "1/2-1/2"]
[WhiteElo "2235"]
[BlackElo "2285"]

1.e4 c5 2.Nf3 Nc6 3.d4 cxd4 4.Nxd4 Nf6 5.Nc3 d6 6.Bg5 e6 7.Qd2 Be7 8.O-O-O Nxd4
9.Qxd4 O-O 10.f4 Qa5 11.Kb1 h6 12.Bh4 e5 13.Qd2 Nxe4 14.Nxe4 Qxd2 15.Rxd2 Bxh4
16.Nxd6 exf4 17.Bc4 b6 18.Bd5 Rb8 19.Nxc8 Rbxc8 20.Rd4 g5 21.Rf1 Rce8 22.a4 Re1+
23.Rxe1 Bxe1 24.Re4 Bf2 25.Re7 a5 26.Rd7 Kg7 27.c3 Bc5 28.Kc2 Kg6 29.Kd3 f5
30.Kc4 Bg1 31.h3 g4 32.b4 Rc8+ 33.Kd3 f3 34.gxf3 gxh3 35.f4 h2 36.bxa5 Rc5
37.Bf3 Rxa5 38.Rd6+ Kg7 39.Rd5 Rxd5+ 40.Bxd5 Kf6 41.Bf3 Ke6 42.Ke2 Kd6 43.Bb7 Kc5
44.Kf1 Kc4 45.Kg2 Kxc3 46.Bc8 Kb4 47.Bxf5 Kxa4 48.Kh1 Kb3  1/2-1/2

[Event "NRW-Liga I 9495"]
[Site "Germany"]
[Date "1995.??.??"]
[Round "?"]
[White "Klovans, Janis"]
[Black "Matthias, Heiner"]
[Result "1-0"]
[WhiteElo "2405"]
[BlackElo "2300"]

1.e4 c5 2.Nf3 Nc6 3.d4 cxd4 4.Nxd4 Nf6 5.Nc3 d6 6.Bg5 e6 7.Qd2 Be7 8.O-O-O Nxd4
9.Qxd4 O-O 10.e5 dxe5 11.Qxe5 Bd7 12.h4 Qe8 13.Rh3 Bc6 14.Rg3 Qb8 15.Qe3 Rd8
16.Rxd8+ Qxd8 17.Be2 Nd5 18.Nxd5 Bxd5 19.Bxe7 Qxe7 20.h5 a6 21.h6 g6 22.Rg4 Rd8
23.Rd4 Re8 24.g4 f6 25.f4 Qf7 26.b3 b5 27.Qd2 Qc7 28.Kb2 Rc8 29.a4 Qc5 30.g5 Rf8
31.axb5 axb5 32.Qb4 Qc7 33.Bxb5 fxg5 34.fxg5 Qe5 35.Qc3 Bxb3 36.Rd7 Qxc3+
37.Kxc3 Bd5 38.Rg7+ Kh8 39.Bd3 Rc8+ 40.Kd4 Ra8 41.Ke5 Ra5 42.Rc7 Ba2+ 43.Kf6 Ra8
44.c4 Bb3 45.Be4 Rd8 46.c5 e5 47.Ke7 Rb8 48.c6 Bg8 49.Rd7  1-0

[Event "BL2-W9495"]
[Site "Germany"]
[Date "1995.??.??"]
[Round "?"]
[White "Rosenberger, Frank"]
[Black "Mukhametov, Eldar"]
[Result "0-1"]
[WhiteElo "2295"]
[BlackElo "2430"]

1.e4 c5 2.Nf3 Nc6 3.d4 cxd4 4.Nxd4 Nf6 5.Nc3 d6 6.Bg5 e6 7.Qd2 a6 8.O-O-O h6
9.Bf4 Bd7 10.Nxc6 Bxc6 11.Qe1 Qc7 12.h4 Be7 13.e5 d5 14.Rh3 O-O-O 15.Kb1 Ne4
16.f3 Nxc3+ 17.Qxc3 g5 18.hxg5 hxg5 19.Be3 Rxh3 20.gxh3 Rh8 21.f4 gxf4 22.Bxf4 Rg8
23.a3 Ba4 24.Qxc7+ Kxc7 25.Bd3 Rh8 26.Rh1 Kd7 27.Bg3 Bh4 28.Bh2 Ke7 29.Bg1 f5
30.exf6+ Bxf6 31.Bf2 e5 32.Bf5 Bh4 33.Bc5+ Kf6 34.Rf1 Bb5 35.Bd3+ Ke6 36.Bf5+ Kf7
37.Bd3+ Bf6 38.Be3 Bxd3 39.cxd3 Ke6 40.Rf3 Rg8 41.Bc1 Rg2 42.Ka2 Rc2 43.Kb1 Rh2
44.Ka2 b5 45.Kb3 a5 46.Rg3 e4 47.dxe4 dxe4 48.a4 b4 49.Bf4 Rxb2+ 50.Kc4 Rf2
51.Bb8 Rf3 52.Rg4 b3 53.Rxe4+ Kf5 54.Re1 b2  0-1

[Event "Oberliga Ost C9495"]
[Site "Germany"]
[Date "1995.??.??"]
[Round "?"]
[White "Claus, Caroline"]
[Black "Euler, Gerd"]
[Result "0-1"]
[WhiteElo "2130"]
[BlackElo "2355"]

1.e4 c5 2.Nf3 Nc6 3.d4 cxd4 4.Nxd4 Nf6 5.Nc3 d6 6.Bg5 e6 7.Be2 Be7 8.Qd2 a6
9.O-O-O Bd7 10.f4 h6 11.Bh4 b5 12.Bf3 Nxd4 13.Qxd4 Rc8 14.e5 dxe5 15.fxe5 Rc4
16.Qa7 Rxh4 17.exf6 Bxf6 18.Bc6 Rd4 19.Ne4 Bxc6 20.Nxf6+ Qxf6 21.Qxd4 Qxd4
22.Rxd4 Ke7 23.Rg1 f5 24.g3 Rc8 25.Re1 g5 26.c3 Rf8 27.Kd2 f4 28.gxf4 gxf4
29.Ke2 e5 30.Kf2 Ke6 31.c4 Rf6 32.cxb5 axb5 33.a4 Kf5 34.Rb4 bxa4 35.Rc4 Rd6
36.Rec1 Bb5 37.Rc5 Rd2+ 38.Kf3 Bc6+ 39.Rxc6 e4+  0-1

[Event "NRW-Liga I 9495"]
[Site "Germany"]
[Date "1995.??.??"]
[Round "?"]
[White "Coenen, Norbert"]
[Black "Brenke, Andreas"]
[Result "1/2-1/2"]
[WhiteElo "2335"]
[BlackElo "2285"]

1.e4 c5 2.Nf3 Nc6 3.d4 cxd4 4.Nxd4 Nf6 5.Nc3 d6 6.Bg5 e6 7.Qd2 Be7 8.O-O-O O-O
9.f4 Nxd4 10.Qxd4 Qa5 11.Bc4 Bd7 12.e5 dxe5 13.fxe5 Bc6 14.Bd2 Nd7 15.Nd5 Qd8
16.Nxe7+ Qxe7 17.Rhe1 Rfd8 18.Bf1 Nf8 19.Qe3 Ng6 20.g3 Qc7 21.Bb4 Rxd1+ 22.Kxd1 Rc8
23.Bd3 Bb5 24.Bd6 Qa5 25.Qd2 Qxd2+ 26.Kxd2 Bxd3 27.Kxd3 f5 28.c4 Kf7 29.b4 Ne7
30.a4 Rd8 31.Kc3 Nc8 32.Bc5 Ke8 33.b5 Rd7 34.a5 a6 35.Rb1 Kd8 36.g4 Rf7 37.Rf1 g6
38.Be3 Ke8 39.gxf5 Rxf5 40.Rxf5 gxf5 41.Bc5 Kd7  1/2-1/2

[Event "GRE-ch94"]
[Site "Glyfada"]
[Date "1995.??.??"]
[Round "3"]
[White "Nikolaidis, Konstantinos"]
[Black "Kotronias, Vasilios"]
[Result "1/2-1/2"]
[WhiteElo "2290"]
[BlackElo "2570"]

1.e4 c5 2.Nf3 Nc6 3.d4 cxd4 4.Nxd4 Nf6 5.Nc3 d6 6.Bg5 e6 7.Qd2 a6 8.O-O-O Bd7
9.f3 Be7 10.Kb1 Qc7 11.g4 Nxd4 12.Qxd4 b5 13.Be3 h6 14.h4 Rb8 15.Rg1 b4 16.Ne2 e5
17.Qd2 g6 18.Nc1 h5 19.g5 Nh7 20.f4 Bc6 21.Bg2 exf4 22.Bd4 O-O 23.Qxf4 Rfe8
24.Rgf1 Bf8 25.Ne2 Bb5 26.Rf2 Bxe2 27.Rxe2 Rbd8 28.Red2 a5 29.Qf2 Rb8 30.e5 dxe5
31.Ba7 Rbd8 32.Bd5 Rd7 33.Bb6 Qb8 34.Rf1 Kg7 35.Bxa5 Qb5 36.Bc4 Qxc4 37.Rxd7 Re7
38.b3 Qe6 39.Rxe7 Bxe7 40.Qe2 Nf8 41.Qe4 Qd6 42.Qc4 Ne6 43.c3 bxc3 44.Bxc3 f6
45.Bb4 Qxb4 46.gxf6+ Kh7 47.fxe7 Qxe7 48.Qe4 Nd4 49.Qd5 Nf5 50.Re1 Qxh4 51.Qxe5 Qf2
52.Qc7+ Kh6 53.Qc1+ Kh7 54.Rd1 h4 55.Qg5 Nd4 56.Rd2 Qe1+ 57.Kb2 Qe4 58.Kc3 Ne2+
59.Kb2 Nd4 60.Kc3 Ne2+ 61.Rxe2 Qxe2 62.Qxh4+ Kg7 63.Qd4+ Kh7 64.a4 Qe1+ 65.Kb2 g5
66.b4 g4 67.Qd7+ Kh6 68.Qxg4 Qd2+ 69.Kb1 Qd3+ 70.Kc1 Qc3+ 71.Kd1 Qb3+ 72.Ke2 Qb2+
73.Ke3 Qb3+ 74.Kf2 Qxa4 75.Qe6+ Kg5 76.Qd5+ Kf6 77.b5 Qc2+ 78.Ke3 Qc3+ 79.Ke4 Ke7
80.Qb7+ Kd6 81.Qb8+ Kd7 82.Qa7+ Kd6 83.Qa6+ Kd7 84.b6 Qe1+ 85.Kd4 Qg1+ 86.Kd5 Qg2+
87.Kc5 Qf2+ 88.Kb4 Qe1+ 89.Kc5 Qf2+ 90.Kd5 Qg2+ 91.Ke5 Qh2+ 92.Kd4 Qg1+ 93.Kc3 Qc1+  1/2-1/2

[Event "GRE-ch94"]
[Site "Glyfada"]
[Date "1995.??.??"]
[Round "6"]
[White "Kalesis, Nikolaos"]
[Black "Kotronias, Vasilios"]
[Result "0-1"]
[WhiteElo "2410"]
[BlackElo "2570"]

1.e4 c5 2.Nf3 Nc6 3.d4 cxd4 4.Nxd4 Nf6 5.Nc3 d6 6.Bg5 e6 7.Qd2 Be7 8.O-O-O O-O
9.Nb3 Qb6 10.Be3 Qc7 11.f4 a6 12.Bd3 b5 13.h3 Nd7 14.Qf2 Nb4 15.Kb1 Bb7 16.g4 Nxd3
17.cxd3 b4 18.Na4 d5 19.Nb6 Rad8 20.Rc1 Qb8 21.Nxd7 Rxd7 22.Nc5 Rdd8 23.Nxb7 Qxb7
24.e5 d4 25.Bd2 b3 26.a3 Qd5 27.Rhe1 Rc8 28.f5 Rxc1+ 29.Bxc1 Rc8 30.f6 Bf8
31.Re4 Qc6 32.Qd2 g6 33.Rxd4 Qf3 34.Qe3 Qg2 35.Qd2 Qxh3 36.Qd1 Qh2 37.Bf4 Qf2
38.Ra4 Rc2 39.Bc1 h5 40.gxh5 Bh6 41.Rc4 Bxc1 42.Rxc2 bxc2+ 43.Qxc2 Qxc2+
44.Kxc2 Bxb2  0-1

[Event "Goch op 6th"]
[Site "Goch"]
[Date "1995.??.??"]
[Round "2"]
[White "Eckert, Frank"]
[Black "Schebler, Gerhard"]
[Result "0-1"]
[WhiteElo "2020"]
[BlackElo "2415"]

1.e4 c5 2.Nf3 d6 3.d4 cxd4 4.Nxd4 Nf6 5.Nc3 Nc6 6.Bg5 e6 7.Qd2 a6 8.O-O-O h6
9.Bh4 Nxe4 10.Qf4 Ng5 11.Nxc6 bxc6 12.Ne4 d5 13.Bxg5 hxg5 14.Nxg5 Qf6 15.Qe3 Rb8
16.c3 Be7 17.Nf3 Qh6 18.Qxh6 Rxh6 19.Ne5 Bb7 20.f4 g5 21.g3 gxf4 22.gxf4 f6
23.Nd3 Kf7 24.Bg2 Rbh8 25.h3 Rg8 26.Bf3 Rg3 27.Bg4 Bd6 28.f5 e5 29.Rhg1 Rxg1
30.Rxg1 e4 31.Ne1 Rh8 32.b4 a5 33.a3 c5 34.bxa5 d4 35.Be2 Bd5 36.Bf1 d3 37.Bxd3 exd3
38.Nxd3 Be4 39.Nf2 Bf4+ 40.Kd1 Bxf5 41.Ke2 Ra8 42.Nd3 Bxd3+ 43.Kxd3 Rxa5
44.Ra1 Ra4 45.c4 Be5  0-1

[Event "Graz op"]
[Site "Graz"]
[Date "1995.??.??"]
[Round "5"]
[White "Balinov, Ilija"]
[Black "Wells, Peter K"]
[Result "1/2-1/2"]
[WhiteElo "2355"]
[BlackElo "2545"]

1.e4 c5 2.Nf3 Nc6 3.d4 cxd4 4.Nxd4 Nf6 5.Nc3 d6 6.Bg5 e6 7.Qd2 a6 8.O-O-O Bd7
9.f4 h6 10.Bxf6 Qxf6 11.Nxc6 Bxc6 12.Bd3 g5 13.Rhf1 Bg7 14.e5 Qe7 15.Be4 d5
16.Bd3 gxf4 17.Rde1 Qg5 18.Qxf4 Qxf4+ 19.Rxf4 h5 20.Kd1 Ke7 21.Nb1 Rag8 22.Nd2 f6
23.exf6+ Bxf6 24.Bf5 Bd7 25.Bh3 b5 26.Nb3 Rc8 27.Nd4 Bxd4 28.Rxd4 Kd6 29.Rf4 Rcf8
30.Ref1 Rxf4 31.Rxf4 Ke7 32.Rh4 Kf6 33.g3 Be8 34.Bg2 Bg6 35.a4 Ke5 36.Rb4 Rf8
37.Ke2 Bxc2 38.axb5 axb5 39.Rxb5 Bf5 40.Ke3 Rc8 41.Bf3 Rc2 42.Bxh5 Rxh2 43.Bf3 Bg6
44.g4 Rh3 45.Kf2 Be4 46.Bxe4 Kxe4 47.Kg2 Re3 48.Rb4+ d4 49.g5 e5 50.g6 Kf4
51.Rb6 Rg3+ 52.Kf2 Rg5 53.Rf6+ Ke4 54.b4 Kd3 55.Rf3+ Kc2 56.Rg3 Rf5+ 57.Ke2 Rf8
58.g7 Rg8 59.b5 e4 60.b6 d3+ 61.Ke3 d2 62.Rg2 Rxg7 63.Rxd2+ Kc3  1/2-1/2

[Event "Groningen op"]
[Site "Groningen"]
[Date "1995.??.??"]
[Round "?"]
[White "Landenbergue, Claude"]
[Black "Krakops, Maris"]
[Result "0-1"]
[WhiteElo "2420"]
[BlackElo "2525"]

1.e4 c5 2.Nf3 d6 3.d4 cxd4 4.Nxd4 Nf6 5.Nc3 Nc6 6.Bg5 e6 7.Qd2 a6 8.O-O-O h6
9.Be3 Bd7 10.f4 b5 11.Bd3 Qc7 12.Kb1 Na5 13.h3 Nc4 14.Bxc4 Qxc4 15.Qd3 Rc8
16.g4 b4 17.Nce2 e5 18.fxe5 dxe5 19.Nf3 Be6 20.Qxc4 Rxc4 21.Nd2 Rc6 22.Nf3 Rc4
23.Nd2 Rc8 24.Nf3 Bc5 25.Bxc5 Rxc5 26.Ng3 Ke7 27.Nf5+ Bxf5 28.exf5 Rd8 29.Rxd8 Kxd8
30.Re1 Nd7 31.Re3 a5 32.a3 bxa3 33.Rxa3 Nb6 34.Nd2 Rd5 35.Ne4 Rd4 36.Nc5 a4
37.Re3 Kc7 38.Ka2 Kc6 39.Rxe5 Nc4 40.Re7 Kxc5 41.Rxf7 Rd2 42.Rxg7 Rxc2 43.Rc7+ Kb6
44.Rh7 Rxb2+ 45.Ka1 Rf2 46.Rxh6+ Kb5 47.Rh8 Na5 48.Rb8+ Kc4 49.Rb2 Rf3 50.Rg2 Kb3
51.Rb2+ Ka3 52.Ra2+ Kb4 53.Rg2 Nb3+ 54.Ka2 Rf1 55.g5 Ra1+ 56.Kb2 a3+ 57.Kc2 Ra2+  0-1

[Event "Groningen op"]
[Site "Groningen"]
[Date "1995.??.??"]
[Round "?"]
[White "Wiersma, Eelke"]
[Black "Vydeslaver, Alik"]
[Result "0-1"]
[WhiteElo "2280"]
[BlackElo "2445"]

1.e4 c5 2.Nf3 d6 3.d4 cxd4 4.Nxd4 Nf6 5.Nc3 Nc6 6.Bg5 e6 7.Qd2 a6 8.O-O-O h6
9.Be3 Be7 10.f4 Nxd4 11.Bxd4 b5 12.Qe3 Bb7 13.Bxf6 gxf6 14.Bd3 Qa5 15.Kb1 b4
16.Ne2 O-O-O 17.f5 Qc5 18.Qxc5+ dxc5 19.fxe6 fxe6 20.Nf4 Rd6 21.Bc4 Bxe4
22.Bxe6+ Kb8 23.Bd5 Rhd8  0-1

[Event "Groningen op"]
[Site "Groningen"]
[Date "1995.??.??"]
[Round "?"]
[White "Metz, Hartmut"]
[Black "Mainka, Romuald"]
[Result "0-1"]
[WhiteElo "2320"]
[BlackElo "2530"]

1.e4 c5 2.Nf3 d6 3.d4 cxd4 4.Nxd4 Nf6 5.Nc3 Nc6 6.Bg5 a6 7.Qd2 e6 8.O-O-O h6
9.Be3 Qc7 10.f4 Bd7 11.Bd3 b5 12.h3 Be7 13.g4 Qb7 14.Qg2 Nxd4 15.Bxd4 Bc6
16.h4 b4 17.Bxf6 Bxf6 18.Ne2 g5 19.hxg5 hxg5 20.Rxh8+ Bxh8 21.Qh2 O-O-O 22.fxg5 Bxe4
23.Qf4 Bxd3 24.cxd3 Be5 25.Qe3 b3 26.axb3 Qxb3 27.Qd2 Rd7 28.d4 Bg7 29.Kb1 Rc7
30.Rc1 Rxc1+ 31.Kxc1 Kd7 32.Qf4 Ke7 33.Qe4 Qb4 34.Kc2 d5 35.Qd3 Qb5 36.Qxb5 axb5
37.Kd3 Kd6 38.b3 e5 39.Ng3 Ke6 40.Nf5 e4+ 41.Ke3 Bf8 42.Ng3 Be7 43.g6 fxg6
44.Ne2 Bg5+ 45.Kf2 Bd2 46.Ng1 Kf6 47.Nh3 Bc3 48.Ke3 Bb2 49.Ke2 Bxd4 50.Nf4 Ke5
51.Nxg6+ Kd6 52.g5 Bb2 53.Kd2 Ke6 54.Kc2 Be5 55.Nf8+ Kf5 56.Nd7 Bg7 57.Nc5 Bf8
58.g6 Kxg6 59.Ne6 Bd6 60.Nd4 b4  0-1

[Event "Groningen op"]
[Site "Groningen"]
[Date "1995.??.??"]
[Round "?"]
[White "Howell, James C"]
[Black "Vydeslaver, Alik"]
[Result "1-0"]
[WhiteElo "2525"]
[BlackElo "2445"]

1.e4 c5 2.Nf3 d6 3.d4 cxd4 4.Nxd4 Nf6 5.Nc3 Nc6 6.Bg5 e6 7.Qd2 Be7 8.O-O-O O-O
9.Nb3 a5 10.a4 d5 11.Bb5 Na7 12.Bxf6 Bxf6 13.exd5 Bxc3 14.Qxc3 Nxb5 15.axb5 exd5
16.Nd4 Be6 17.Rhe1 Rc8 18.Qg3 Qf6 19.Re5 Rc5 20.Qg5 Qxg5+ 21.Rxg5 Rfc8 22.b6 Kf8
23.Rd3 Rc4 24.Re5 Ke7 25.c3 Kf6 26.Re1 g6 27.Kd2 Rd8 28.b3 Rc5 29.Rf3+ Ke7
30.Rxf7+ Kxf7 31.Nxe6 Rdc8 32.Nxc5 Rxc5 33.Re5 Kf6 34.f4 Rb5 35.Kc2 h5 36.g3 Rxb6
37.Rxd5 Re6 38.Kd3 Rb6 39.Kc4 a4 40.bxa4 Rb2 41.h4 Rg2 42.Rg5 Kf7 43.a5 Kf6
44.Kc5 Rc2 45.c4 Rc3 46.Kb6 Rxc4 47.Kxb7 Rb4+ 48.Kc6 Rb3 49.a6  1-0

[Event "Groningen op"]
[Site "Groningen"]
[Date "1995.??.??"]
[Round "?"]
[White "Howell, James C"]
[Black "Meins, Gerlef"]
[Result "1/2-1/2"]
[WhiteElo "2525"]
[BlackElo "2440"]

1.e4 c5 2.Nf3 Nc6 3.d4 cxd4 4.Nxd4 Nf6 5.Nc3 d6 6.Bg5 e6 7.Qd2 a6 8.O-O-O Bd7
9.f3 Be7 10.h4 Qc7 11.Kb1 Nxd4 12.Qxd4 Bc6 13.g4 h5 14.gxh5 Nxh5 15.Bh3 Bf6
16.Bxf6 Nxf6 17.Rhg1 Rxh4 18.Rxg7 e5 19.Qc4 Rxh3 20.Nd5 Nxd5 21.exd5 O-O-O
22.dxc6 Qxc6 23.Qg4+ Qd7 24.Qc4+ Qc6 25.Qg4+  1/2-1/2

[Event "Groningen op"]
[Site "Groningen"]
[Date "1995.??.??"]
[Round "?"]
[White "Mainka, Romuald"]
[Black "Schoen, Wolfram"]
[Result "1/2-1/2"]
[WhiteElo "2530"]
[BlackElo "2400"]

1.e4 c5 2.Nf3 Nc6 3.d4 cxd4 4.Nxd4 Nf6 5.Nc3 d6 6.Bg5 e6 7.Qd2 Be7 8.O-O-O Nxd4
9.Qxd4 O-O 10.f4 Qa5 11.Bc4 Bd7 12.e5 dxe5 13.fxe5 Bc6 14.Bd2 Nd7 15.Nd5 Qd8
16.Nxe7+ Qxe7 17.Rhe1 Rfd8 18.Qg4 Nf8 19.Bf1 Qc5 20.Qb4 Qf2 21.Qf4 Qb6 22.Qg3 Rac8
23.Kb1 Bb5 24.Qb3 Bxf1 25.Qxb6 axb6 26.Rxf1 Rd5 27.Bc3 Rcd8 28.Rxd5 Rxd5
29.a4 Nd7 30.Re1 h5 31.Re4 Kh7 32.Rc4 Kg6 33.Rc7 Nc5 34.b3 Rd7 35.Rc8 Ne4
36.Kb2 Kf5 37.Rc4 Nxc3 38.Kxc3 Kxe5 39.Rb4 Kf5 40.Rxb6 e5 41.a5 e4 42.a6 bxa6
43.Rxa6 Kf4 44.Ra1 f5 45.Rf1+ Ke5 46.b4 e3 47.b5 Ke4 48.Kb4 f4 49.c4 h4 50.h3 Rd2
51.c5 Rxg2 52.c6 Rb2+ 53.Ka4 e2 54.Rc1 Rc2 55.Rxc2 e1=Q 56.c7 Qa1+ 57.Kb3 Qb1+
58.Kc3 Qa1+ 59.Kb3 Qb1+ 60.Kc3 Qe1+ 61.Kc4 Qd1 62.Kb3  1/2-1/2

[Event "Wch U18"]
[Site "Guarapuava"]
[Date "1995.??.??"]
[Round "3"]
[White "Krakops, Maris"]
[Black "Gross, David2"]
[Result "1-0"]
[WhiteElo "2525"]
[BlackElo "2385"]

1.e4 c5 2.Nf3 d6 3.d4 cxd4 4.Nxd4 Nf6 5.Nc3 Nc6 6.Bg5 e6 7.Qd2 a6 8.O-O-O h6
9.Be3 Be7 10.f3 Nxd4 11.Bxd4 b5 12.Kb1 b4 13.Na4 Rb8 14.e5 dxe5 15.Bxe5 Ra8
16.Qxd8+ Bxd8 17.Bc4 Bd7 18.Nc5 Bb5 19.Bxb5+ axb5 20.Nb7 Be7 21.Nd6+ Bxd6
22.Bxd6 Nd5 23.Rhe1 Kd7 24.Bxb4 Kc6 25.Bd2 Ra4 26.c3 Rha8 27.a3 g5 28.Bc1 Rg8
29.g3 g4 30.Re5 gxf3 31.Rf1 Ne7 32.b3 Rag4 33.Rxf3 Nf5 34.Bf4 h5 35.c4 bxc4
36.Rc3 h4 37.Rxc4+ Kb6 38.a4 hxg3 39.Rb5+ Ka6 40.hxg3 Nxg3 41.Rc6+ Ka7 42.Be3+  1-0

[Event "Wch U18"]
[Site "Guarapuava"]
[Date "1995.??.??"]
[Round "6"]
[White "Kobalija, Mihail"]
[Black "Sutovskij, Emil"]
[Result "1-0"]
[WhiteElo "2430"]
[BlackElo "2545"]

1.e4 c5 2.Nf3 Nc6 3.d4 cxd4 4.Nxd4 Nf6 5.Nc3 d6 6.Bg5 e6 7.Qd2 a6 8.O-O-O h6
9.Bf4 Bd7 10.Nxc6 Bxc6 11.f3 d5 12.Qe1 Bb4 13.a3 Ba5 14.Bd2 Rc8 15.Kb1 d4
16.e5 Nd7 17.Ne4 Bxe4 18.Qxe4 Bxd2 19.Rxd2 Qa5 20.Qxd4 O-O 21.f4 Rfd8 22.Qb4 Qxb4
23.axb4 Nb6 24.Bd3 g6 25.Rhd1 Rd4 26.b5 axb5 27.g3 Rcd8 28.c3 R4d5 29.Kc2 Nc4
30.Bxc4 bxc4 31.Rxd5 exd5 32.Kd2 Ra8 33.Ke3 Ra2 34.Rd2 h5 35.Kd4 Ra5 36.h3 Kf8
37.g4 h4 38.f5 g5 39.Rf2 Ke7 40.Rd2 Rb5 41.Re2 Ra5 42.e6 f6 43.b3 cxb3 44.Rb2 Kd6
45.Rxb3 b5 46.Rb2 Ra4+ 47.Kd3 Ra5 48.Re2 Ra7 49.Re1 Ke7 50.Kd4 Ra2 51.Kxd5 Rd2+
52.Ke4 Rh2 53.Re3 Ke8 54.Kd4 Rg2 55.Rd3 Rg1 56.c4 bxc4 57.Kxc4 Rc1+ 58.Kd4 Ra1
59.Rb3 Ra4+ 60.Kc5 Ra7 61.Kc6 Ra6+ 62.Rb6 Ra8 63.Rb7 Ra3 64.Rf7 Rxh3 65.Rxf6 Re3
66.Rh6 Ke7 67.Rh7+ Kf6 68.Kd5  1-0

[Event "Wch U16"]
[Site "Guarapuava"]
[Date "1995.??.??"]
[Round "11"]
[White "Svicevic, Rastko"]
[Black "Gershon, Alik"]
[Result "1/2-1/2"]
[WhiteElo "2265"]
[BlackElo "2275"]

1.e4 c5 2.Nf3 d6 3.d4 cxd4 4.Nxd4 Nf6 5.Nc3 Nc6 6.Bg5 e6 7.Bb5 Qb6 8.Be3 Qc7
9.g4 Be7 10.g5 Nd7 11.f4 a6 12.Be2 O-O 13.Qd2 Nxd4 14.Bxd4 b5 15.a3 Rd8 16.O-O-O Bb7
17.Rhg1 e5 18.Be3 Nc5 19.Bf3 a5 20.Bxc5 dxc5 21.Nxb5 Qb6 22.Qe2 c4 23.Nc3 Rdb8
24.Na4 Qc6 25.Nc3 Bc5 26.Rgf1 Ba6 27.Rd5 Bd4 28.fxe5 Qb6 29.Rxd4 Qxd4 30.Qf2 Qxe5
31.Qg3 Qc5 32.Qf4 Qb6 33.Na4 Qb5 34.e5 Ra7 35.e6 fxe6 36.Bg4 Qe8 37.Bxe6+ Kh8
38.Bf7 Qc8 39.Nb6 Qd8 40.Bxc4 Bxc4 41.Nxc4 Rc7 42.Ne5 Kg8 43.Rd1 Qc8 44.Qe4 Qe6
45.Qd5 Qxd5 46.Rxd5 Rbc8 47.Rxa5 Rxc2+ 48.Kb1 Rxh2 49.Rb5 Rg2 50.Nd3 h6 51.gxh6 gxh6
52.a4 Rg5 53.Rb4 h5 54.Rh4 Kh7 55.b4 Kh6 56.Rh3 Rcg8 57.Kc2 Rg2+ 58.Kc3 Kg5
59.Rxh5+ Kxh5 60.Nf4+ Kh6 61.Nxg2 Rxg2 62.b5 Ra2 63.a5 Rxa5 64.Kb4 Ra1 65.b6 Kg7
66.Kc5 Rb1 67.Kc6 Kf7 68.b7 Ke7 69.Kc7 Rc1+  1/2-1/2

[Event "Gyongyos op "]
[Site "Gyongyos"]
[Date "1995.??.??"]
[Round "?"]
[White "Hajdu, Istvan"]
[Black "Gyurkovics, Miklos"]
[Result "1-0"]
[WhiteElo "2155"]
[BlackElo "2265"]

1.e4 c5 2.Nf3 Nc6 3.d4 cxd4 4.Nxd4 Nf6 5.Nc3 d6 6.Bg5 e6 7.Qd2 a6 8.a4 h6
9.Be3 Ng4 10.Nxc6 bxc6 11.Bf4 e5 12.Bg3 Rb8 13.f3 Nf6 14.a5 Rxb2 15.Bxe5 Be7
16.Bd4 c5 17.Be3 Rb4 18.Be2 O-O 19.O-O Bb7 20.Na4 Qd7 21.Nb6 Qe6 22.Rfe1 Rb2
23.Nc4 Nxe4 24.fxe4 Rb4 25.Rab1 Bh4 26.Rf1 d5 27.Rxb4 cxb4 28.exd5 Bxd5 29.Nb6 Rd8
30.Nxd5 Rxd5 31.Bc4 Rxd2 32.Bxe6 Rxc2 33.Bxf7+ Kh7 34.g3 Bf6 35.Rb1 Be7 36.Bd5 g6
37.Rb3 Ra2 38.Bb6 Ra1+ 39.Kg2 Ra2+ 40.Kg1 h5 41.Bc4 Ra1+ 42.Kg2 Ra2+ 43.Kg1 Ra1+
44.Kf2 Ra2+ 45.Be2 Kg7 46.Kf3 g5 47.Bxa6 Rxh2 48.Bd4+ Kf8 49.Bb7 h4 50.a6  1-0

[Event "Hafnarfjordur op"]
[Site "Hafnarfjordur"]
[Date "1995.??.??"]
[Round "9"]
[White "Gunnarsson, Jon Viktor"]
[Black "Jonsson, Bjorgvin"]
[Result "1-0"]
[WhiteElo "2255"]
[BlackElo "2395"]

1.e4 c5 2.Nf3 d6 3.d4 cxd4 4.Nxd4 Nf6 5.Nc3 Nc6 6.Bg5 e6 7.Qd2 a6 8.O-O-O h6
9.Be3 Nxd4 10.Bxd4 b5 11.f4 Bb7 12.Bxf6 gxf6 13.Bd3 h5 14.Kb1 b4 15.Ne2 Qb6
16.Rhf1 Be7 17.Nc1 a5 18.Qe2 a4 19.f5 e5 20.Bb5+ Kf8 21.Bc4 Rb8 22.g4 hxg4
23.Qxg4 Qe3 24.Rg1 Qg5 25.Qe2 Qh4 26.Qg2 Ke8 27.Rge1 Qxh2 28.Qg7 Rf8 29.Rh1 Qf2
30.Rh8 Kd7 31.Nd3 Qd4 32.Rxf8 Rxf8 33.Bxf7 Bxe4 34.Be6+ Kd8 35.Nf2 Bxc2+
36.Kxc2 Qxf2+ 37.Kb1 Re8 38.Rc1 Qc5 39.Rxc5 dxc5  1-0

[Event "Haifa"]
[Site "Haifa"]
[Date "1995.??.??"]
[Round "5"]
[White "Kosashvili, Yona"]
[Black "Alterman, Boris"]
[Result "1/2-1/2"]
[WhiteElo "2560"]
[BlackElo "2575"]

1.e4 c5 2.Nf3 d6 3.d4 cxd4 4.Nxd4 Nf6 5.Nc3 Nc6 6.Bg5 e6 7.Qd2 a6 8.O-O-O Bd7
9.f4 b5 10.Re1 Be7 11.Nxc6 Bxc6 12.Bd3 O-O 13.h4 b4 14.Nd1 a5 15.Nf2 a4 16.Qxb4 Rb8
17.Qc3 Qb6 18.Ng4 Nxg4 19.Bxe7 Rfc8 20.Qa3 Nf2 21.Bxd6 Nxd3+ 22.cxd3 Bxe4+
23.Kb1 Bxd3+ 24.Ka1 Rb7 25.Rc1 Ra8 26.Rhe1 h5 27.Bc5 Qb5 28.Bd4 Rd8 29.Qc3 Qb4
30.Bxg7 Qxc3 31.Bxc3 Kh7 32.Re5 Bf5 33.Ra5 Rbd7 34.b3 axb3 35.axb3 Rg8 36.Be5 Rxg2
37.Ra8 Be4 38.Rh8+ Kg6 39.Rg8+ Kf5 40.Rxg2 Bxg2 41.Rc8 Rb7 42.Rg8 Bf3 43.Kb2  1/2-1/2

[Event "Haifa"]
[Site "Haifa"]
[Date "1995.??.??"]
[Round "10"]
[White "Dolmatov, Sergey"]
[Black "Greenfeld, Alon"]
[Result "1/2-1/2"]
[WhiteElo "2605"]
[BlackElo "2580"]

1.e4 c5 2.Nf3 Nc6 3.d4 cxd4 4.Nxd4 Nf6 5.Nc3 d6 6.Bg5 e6 7.Qd2 a6 8.O-O-O h6
9.Be3 Be7 10.f3 Nxd4 11.Bxd4 b5 12.Kb1 Rb8 13.Qf2 Qa5 14.h4 b4 15.Ne2 e5
16.Ba7 Rb7 17.Nc1 Be6 18.g4 d5 19.Nb3 Qc7 20.Bc5 d4 21.Bxe7 Kxe7 22.Bh3 g5
23.hxg5 hxg5 24.Qd2 Rg8 25.Nc1 a5 26.Bf1 a4 27.Nd3 Qd6 28.Be2  1/2-1/2